Transistor circuit design (Record no. 23504)

000 -LEADER
fixed length control field 00584nam a22002171 4500
001 - CONTROL NUMBER
control field 23504
003 - CONTROL NUMBER IDENTIFIER
control field BD-DhUET
008 - FIXED-LENGTH DATA ELEMENTS--GENERAL INFORMATION
fixed length control field 721219s1963 nyua b 000 0 eng
040 ## - CATALOGING SOURCE
Original cataloging agency DLC
Transcribing agency DLC
Modifying agency BD-DhUET
082 ## - DEWEY DECIMAL CLASSIFICATION NUMBER
Classification number 623.8151
Item number TEX/1963
110 ## - MAIN ENTRY--CORPORATE NAME
Corporate name or jurisdiction name as entry element Texas Instruments Incorporated
245 10 - TITLE STATEMENT
Title Transistor circuit design
250 ## - EDITION STATEMENT
Edition statement 1st ed.
260 ## - PUBLICATION, DISTRIBUTION, ETC. (IMPRINT)
Place of publication, distribution, etc. New York
Name of publisher, distributor, etc. McGraw-Hill
Date of publication, distribution, etc. 1963
300 ## - PHYSICAL DESCRIPTION
Extent xi, 523 p.
Other physical details ill.
Dimensions 26 cm.
504 ## - BIBLIOGRAPHY, ETC. NOTE
Bibliography, etc Includes bibliographies
650 #0 - SUBJECT ADDED ENTRY--TOPICAL TERM
Topical term or geographic name as entry element Transistor : Electronics
700 ## - ADDED ENTRY--PERSONAL NAME
Personal name Walston, Joseph A.
700 ## - ADDED ENTRY--PERSONAL NAME
Personal name Miller, John R.
942 ## - ADDED ENTRY ELEMENTS (KOHA)
Koha item type Corporate Publication
Holdings
Koha date last seen Koha full call number Koha item type Koha normalized classification for sorting Date acquired Piece designation (barcode) Damaged status Price effective from Not for loan Withdrawn status Shelving location Lost status Sublocation or collection (holding branch) Copy number Source of classification or shelving scheme Location (home branch)
2015-05-04623.8151/TEX/1963 Corporate Publication623_815100000000000_TEX_19632015-05-0430610 2015-05-04  Circulation section Central Library, BUET1 Central Library, BUET
2015-05-04623.8151/TEX/1963Corporate Publication623_815100000000000_TEX_19632015-05-0430607 2015-05-04  Circulation section Central Library, BUET2 Central Library, BUET
2015-05-04623.8151/TEX/1963 Corporate Publication623_815100000000000_TEX_19632015-05-0430612 2015-05-04  Circulation section Central Library, BUET3 Central Library, BUET
2015-05-04623.8151/TEX/1963Corporate Publication623_815100000000000_TEX_19632015-05-0430613 2015-05-04  Circulation section Central Library, BUET4 Central Library, BUET
2015-05-04623.8151/TEX/1963 Corporate Publication623_815100000000000_TEX_19632015-05-0426687 2015-05-04  Circulation section Central Library, BUET5 Central Library, BUET
2015-05-07623.8151/TEX/1963Corporate Publication623_815100000000000_TEX_19632015-05-0730608 2015-05-07  Circulation section Central Library, BUET6 Central Library, BUET
2015-05-07623.8151/TEX/1963Corporate Publication623_815100000000000_TEX_19632015-05-0730606 2015-05-07  Circulation section Central Library, BUET7 Central Library, BUET
2015-05-07623.8151/TEX/1963Corporate Publication623_815100000000000_TEX_19632015-05-0730609 2015-05-07  Circulation section Central Library, BUET8 Central Library, BUET
2015-06-25623.8151/TEX/1963Corporate Publication623_815100000000000_TEX_19632015-06-2530604 2015-06-25  Reading section Central Library, BUET9 Central Library, BUET
2015-06-25623.8151/TEX/1963Corporate Publication623_815100000000000_TEX_19632015-06-259968 2015-06-25  Reading section Central Library, BUET10 Central Library, BUET
2015-06-25623.8151/TEX/1963Corporate Publication623_815100000000000_TEX_19632015-06-2530605 2015-06-25  Reading section Central Library, BUET11 Central Library, BUET